| 000 | 02154cam a22004335a 4500 | ||
|---|---|---|---|
| 001 | L146055 | ||
| 008 | 081204s2008 xxk f h 001 0 eng d | ||
| 020 | _a9781853287138 | ||
| 022 | 1 | _a13501852 | |
| 035 | _a(Sirsi) u146055 | ||
| 041 | 0 | _aeng | |
| 050 | 0 | 4 | _a346.410438 $2 18 |
| 100 | 1 | _aSilverman, Frances | |
| 245 | 0 | 4 | _aThe Law Society's conveyancing handbook |
| 250 | _a15th ed. | ||
| 260 |
_aLondon _bThe Law Society _c2008 |
||
| 300 |
_axlix, 1246p. _c24cm. |
||
| 350 | _a85.00 | ||
| 505 | 2 | _aNew developments -- Preliminary matters -- Pre-exchange -- Exchange -- Title -- Pre-completion -- Completion -- Post-Completion -- Lenders -- New properties -- Sales of part -- Leaseholds -- Commonhold -- Delay and remedies -- Costs -- Solicitors Regulation Authority -- Law Society's practice notes -- Law Society's forms -- Law Society's practice information -- Law Society interest rate -- Council of Mortgage Lenders Guidance -- HM Revenue and Customs -- The Land Registry -- Office of the Official Solicitor -- statutory materials -- directory | |
| 520 | _aUpdated edition of this comprehensive handbook now includes sections on the increased risk of exposure to mortgage fraud, publication of the Law Society's business leases 2008 and the introduction of sustainability certificates and the CML Disclosure of Incentives form. | ||
| 520 | _aSupersedes the 14th edition (ISBN 1853285587). | ||
| 521 | _aAdvanced | ||
| 590 | _aKA | ||
| 650 | 2 | 4 | _aVALUE ADDED TAX (BUILDINGS AND LAND) ORDER 2008 |
| 650 | 2 | 4 | _aFINANCE ACT 2008 |
| 650 | 2 | 4 | _aHOME INFORMATION PACK (AMENDMENT) REGULATIONS 2008 |
| 650 | 2 | 4 | _aHOUSING AND REGENERATION ACT 2008 |
| 650 | 2 | 4 | _aLASTING POWERS OF ATTORNEY, ENDURING POWERS OF ATTORNEY AND PUBLIC GUARDIAN REGULATIONS 2007 |
| 650 | 2 | 4 | _aTRIBUNALS, COURTS AND ENFORCEMENT ACT 2007 |
| 650 | 2 | 4 | _aCOMPANIES ACT 2006 |
| 651 | 4 |
_aEngland and Wales _y1543- |
|
| 690 | _aPROPERTY-PROPERTY ACQUISITION AND DISPOSAL-CONVEYANCING | ||
| 700 | 1 | _aGoss, Annette | |
| 700 | 1 | _aHewitson, Russell | |
| 700 | 1 | _aReekie, Peter | |
| 700 | 1 | _aRodell, Anne | |
| 700 | 1 | _aTaylor, Michael | |
| 942 | _n0 | ||
| 999 |
_c109035 _d109035 |
||